000 01341nam a22002777a 4500
005 20170124102928.0
010 _aA-986796
020 _c225.00
_a817788475
035 _aA-986796
037 _bCen Lib/Ret
040 _aDPL
_bHN
082 _a230
_bअरविं
100 _aअरविंद कुमार
_944395
245 _aशब्देश्वरी :
_cअरविंद कुमार [एवम] कुसुम कुमार
_bदेवीदेवताओं के नामों का समांतर कोश /
246 _aShabdeshwari : devidevtaon ke naamon ka samantar kosh /
_bby Arvind Kumar [and] Kusum Kumar
260 _aनई दिल्ली
_bराजकमल प्रकाशन
_c1999
270 _bनई दिल्ली
_a१-बी, नेताजी सुभाष मार्ग
_e110002
300 _a259पृ.
_c22सेमी(सजिल्द)
500 _aअनुक्रमणिका भी शामिल
650 _aहिंदू धर्म
_944396
650 _aहिंदू धर्म - शब्दकोश
_9131
650 _aHindu religion
_944397
650 _aHindu religion -- Dictionaries
_944398
700 _aकुसुम कुमार
_944367
942 _2ddc
_cHN
_h230
_mअरविं
999 _c111754
_d111754